000
00336nam a2200145Ia 4500
005
20251222141836.0
008
251222s9999||||xx |||||||||||||| ||spa||
020
_a
84-7151-608-X
082
_a
220.2/A78
100
_a
Artola, Antonio
245
0
_a
Biblia y Palabra de Dios
250
_a
4a.ed.
264
_b
Verbo Divino
942
_c
LIB
999
_c
7281
_d
7281